• 首页
  • 本馆介绍
  • 公告通知
  • 最新文献
  • 馆藏检索
  • 电子资源
  • 读者导购
  • 参考咨询
  • 我的图书馆
  • 登录
  • 详细信息显示
  • 放入我的书架
  • 预约/预借图书
  • 作者相关作品
  • 分类相关作品
  • 丛书相关作品
  • 出版社相关作品

书目信息

  • 表格格式
  • 工作单格式
  • 卡片格式
题名:
话说里根一家
    
 
作者: 任国富 著
分册:  
出版信息: 北京   化学工业出版社  1989.1
页数: 176页
开本: 19cm
丛书名: 世界窗口
单 册:
中图分类: D55
科图分类:
主题词: 政治事件--世界 , 政治事件
电子资源:
ISBN: 7-5025-0496-6
000 00610nam0 2200229 45
001 0210110975
005 20050627155310.2
010    @a7-5025-0496-6@dCNY2.00
100    @a20021011d1989 km y0chiy0120 ea
101 0  @achi
105    @a z 000yy
200 1  @a话说里根一家@AHua Shuo Li Gen Yi Jia@f任国富著@FRen Guo Fu Zhu
210    @a北京@c化学工业出版社@d1989.1
215    @a176页@d19cm
225    @a世界窗口@h1
410    @12001 @a世界窗口
606 0  @a政治事件@x世界
606 0  @a政治事件
690    @aD55@v3
701  0 @a任国富@4著
801    @aCN@bTSTC@c20021011
905    @dD55@e46:1@f1@b220417
    
    话说里根一家/任国富著.-北京:化学工业出版社,1989.1
    176页;19cm.-(世界窗口.1)
    
    
    ISBN 7-5025-0496-6:CNY2.00
    
●
相关链接 在E读中查询图书 在五车中查询图书 在当当中查询图书 在豆瓣中查询图书


正题名:话说里根一家     索取号:D55/46:1         预约/预借

序号 登录号 条形码 馆藏地/架位号 状态 备注
1 0220416   001609236   密集书库/ [索取号:D55/46:1] 在馆    
2 0220417   000482542   第一样本阅览室/ [索取号:D55/46:1] 在馆    
唐山师范学院图书馆 欢迎您!
大连网信软件有限公司© 版权所有